000 01887nam a2200409 a 4500
001 000000763
003 DO-SdBPM
005 20251203125352.0
007 ta
008 090509s2002 dr a 001 0 spa d
020 _a9993425338
020 _a9789993425335
040 _aDO-SdBPM
_bspa
_cBPMSU
_drda
082 4 _a304.8729307294
_bB623p 2002
_222
100 1 _aBissainthe, Jean Ghasmann,
_d1961-
_4aut.
_eautor
245 1 0 _aParadigma de la migración haitiana en República Dominicana :
_bmigración, raza, nacionalidad /
_cJean Ghasmann Bissainthe.
264 _aSanto Domingo :
_bINTEC,
_c2002.
300 _aix, 113 páginas :
_bilustración ;
_c22 cm.
336 _atexto
_btxt
_2rdacontent
337 _asin mediación
_bn
_2rdamedia
338 _avolumen
_bnc
_2rdacarrier
500 _aIncluye referencias bibliográficas y notas al pie de las páginas
500 _aIncluye datos biográficos del autor en la solapa de la cubierta
500 _aIncluye índice onomástico.
504 _aBibliografía: páginas 107-113
505 0 _tIntroducción --
_tOrigen y evolución histórica del problema migratorio --
_tLa migración haitiana en los Estados Unidos y el caso dominicano --
_tMigración y nacionalidad --
_tEl desafío de la diáspora haitiana en República Dominicana --
_tConclusión --
_tAnexos --
_tBibliografía general --
_tÍndice onomástico.
590 _aInventariado, 2025/VM
650 7 _aHaitianos en República Dominicana
_xHistoria
651 7 _aHaití
_xEmigración e inmigración
651 7 _aRepública Dominicana
_xEmigración e inmigración
651 7 _aHaití
_xRelaciones
_zRepública Dominicana
651 7 _aRepública Dominicana
_xRelaciones
_xHaití
651 4 _aRepública Dominicana
_xRelaciones Étnicas
710 2 _aInstituto Tecnológico de Santo Domingo
910 _aVMateo V. Control de calidad BPMSU
942 _2ddc
_cBK
999 _c15558
_d15558